Computational methods in physics and engineering (Record no. 14015)

MARC details
000 -LEADER
fixed length control field 00741nam a2200229Ia 4500
003 - CONTROL NUMBER IDENTIFIER
control field IN-BaIIA
008 - FIXED-LENGTH DATA ELEMENTS--GENERAL INFORMATION
fixed length control field 211028s9999 xx 000 0 eng d
020 ## - INTERNATIONAL STANDARD BOOK NUMBER
International Standard Book Number 978-981-02-3043-2
040 ## - CATALOGING SOURCE
Transcribing agency IIA Library
080 ## - UNIVERSAL DECIMAL CLASSIFICATION NUMBER
Universal Decimal Classification number 12:39.0
Item number WON
100 ## - MAIN ENTRY--PERSONAL NAME
Personal name Wong, Samuel S. M
9 (RLIN) 24560
245 #0 - TITLE STATEMENT
Title Computational methods in physics and engineering
Statement of responsibility, etc. Samuel S. M. Wong
250 ## - EDITION STATEMENT
Edition statement 2nd ed.
260 ## - PUBLICATION, DISTRIBUTION, ETC.
Place of publication, distribution, etc. Singapore
Name of publisher, distributor, etc. World Scientific
Date of publication, distribution, etc. 1977
300 ## - PHYSICAL DESCRIPTION
Extent xi, 508p.
650 ## - SUBJECT ADDED ENTRY--TOPICAL TERM
Topical term or geographic name entry element Computational methods
9 (RLIN) 24561
650 ## - SUBJECT ADDED ENTRY--TOPICAL TERM
Topical term or geographic name entry element Engineering mathematics
9 (RLIN) 2342
650 ## - SUBJECT ADDED ENTRY--TOPICAL TERM
Topical term or geographic name entry element Engineering- data processing
9 (RLIN) 24562
650 ## - SUBJECT ADDED ENTRY--TOPICAL TERM
Topical term or geographic name entry element Mathematical physics
9 (RLIN) 1525
650 ## - SUBJECT ADDED ENTRY--TOPICAL TERM
Topical term or geographic name entry element Physics- data processing
9 (RLIN) 24563
942 ## - ADDED ENTRY ELEMENTS (KOHA)
Koha item type Books
Holdings
Withdrawn status Lost status Damaged status Not for loan Home library Current library Shelving location Date acquired Source of acquisition Cost, normal purchase price Total Checkouts Full call number Barcode Date last seen Cost, replacement price Price effective from Koha item type Purchase Price
        IIA Library-Bangalore IIA Library-Bangalore General Stacks 28/03/2001 WOS 1628.60   53:519.6/ WON 14935 05/11/2021 1628.60 28/03/2001 Books Rs. 1628.60

Powered by Koha